000 00859nam a2200277Ia 4500
003 OSt
005 20220918222416.0
006 a|||||r|||| 00| 0
007 ta
008 220917b |||||||| |||| 00| 0 eng d
024 _a216,784
037 _cTextual
040 _aARTS
_cARTS
_beng
041 _2eng
_aeng
082 _aW6.58.N9, P1
100 _aAnderson Richard D
_9143074
245 0 _aPostcommunism and the theory of democracy
260 _aPrinceton
_bPrinceton univ press
_c2001
300 _a201p
_ccm.
650 _aPOLITICAL SCIENCE; DEMOCRACY - RUSSIA
_9143075
700 _a Fish M Steven
_9143076
700 _a Hanson Stephen E
_9143077
700 _a Roeder Philip G
_9143078
942 _hW6.58.N9, P1
_cTEXL
_2CC
999 _c275450
_d275450